Moduly umožňujúce prenos súborov pri deľbe práce medzi minipočítačom a stredným počítačom.

Výber spôsobu prenosu údajov pri rôznorodej výpočtovej technike. Problém prenosu údajov z počítačov rady SM na stredné počítače rady EC. Prenos pomocou magnetickej pásky. Prenos sekvenčných súborov s rôznymi typmi viet programami v zdrojovom jazyku COBOL. Technológia spracovania súboru na minipočíta...

Descrizione completa

Salvato in:
Dettagli Bibliografici
Autore principale: Julény, M.
Natura: Capitolo di libro
Lingua:slovacco
Soggetti:
Tags: Aggiungi Tag
Nessun Tag, puoi essere il primo ad aggiungerne!!

MARC

LEADER 00000naa a2200000 4500
001 r002648
005 20220819180922.1
041 0 |a slo 
044 |a [CS] 
245 1 0 |a Moduly umožňujúce prenos súborov pri deľbe práce medzi minipočítačom a stredným počítačom.  |c M. Julény 
520 |a Výber spôsobu prenosu údajov pri rôznorodej výpočtovej technike. Problém prenosu údajov z počítačov rady SM na stredné počítače rady EC. Prenos pomocou magnetickej pásky. Prenos sekvenčných súborov s rôznymi typmi viet programami v zdrojovom jazyku COBOL. Technológia spracovania súboru na minipočítači. 
610 2 0 |a prenos dát 
610 2 0 |a počítače 
610 2 0 |a technológie informačné 
610 2 0 |a moduly 
610 2 0 |a počítače EC 
610 2 0 |a minipočítače 
100 1 |a Julény, M.